00340 a2200109 4500001001000000005001700010008004100027245005100068100002200119773007200141999001700213ART_1181120260410161900.0260409a 10aDo private pensions increase national savings?1 aFeldstein, Martin0 tJournal of public economicsg- Vol. 10, NÂș 3 (dic. 1978)wREV11485 c25857d25857